[Event "Saarbruecken-chT U20"]
[Site "Saarbruecken"]
[Date "2006.11.24"]
[Round "7.8"]
[White "Goedeke Tort, Selena"]
[Black "Schultheiss, Vera"]
[Result "0-1"]
[WhiteElo "600"]
[BlackElo "1481"]
[PlyCount "92"]
[EventDate "2006.11.??"]
[EventType "team"]
[EventRounds "7"]
[EventCountry "GER"]
[SourceTitle "EXT 2008"]
[Source "ChessBase"]
[SourceDate "2007.11.25"]
[SourceVersion "1"]
[SourceVersionDate "2007.11.25"]
[SourceQuality "1"]

1. e4 e5 2. Nf3 Nc6 3. Bc4 Bc5 4. Nc3 d6 5. h3 Be6 6. Bxe6 fxe6 7. d3 Nf6 8. Bg5 Qd7 9. Bxf6 gxf6 10. Qd2 Qg7 11. Rg1 Bb4 12. a3 Ba5 13. d4 f5 14. b4 exd4 15. Nb5 fxe4 16. Nfxd4 Bb6 17. c3 e5 18. Ne6 Qe7 19. Qh6 a6 20. Ng7+ Kd7 21. Nf5 Qf8 22. Nbxd6 Qxh6 23. Nxh6 cxd6 24. 0-0-0 Bxf2 25. Rgf1 Be3+ 26. Kc2 Bxh6 27. Rf6 Bf8 28. Rf7+ Be7 29. Re1 Raf8 30. Rg7 Rfg8 31. Rg4 Rxg4 32. hxg4 a5 33. Re3 Rg8 34. Rg3 h5 35. Rh3 Rxg4 36. Rh2 h4 37. Kd2 Bg5+ 38. Ke2 Bf4 39. g3 hxg3 40. Rg2 Rh4 41. Rg1 Rh2+ 42. Ke1 Be3 43. Rf1 g2 44. Rf7+ Ke6 45. Ke2 g1Q+ 46. Rf2 Rxf2+ 0-1

[Event "Saarbruecken-chT U20"]
[Site "Saarbruecken"]
[Date "2006.11.22"]
[Round "4.8"]
[White "Goedeke Tort, Selena"]
[Black "Korman, Jewgenija"]
[Result "0-1"]
[WhiteElo "600"]
[BlackElo "1409"]
[PlyCount "81"]
[EventDate "2006.11.??"]
[EventType "team"]
[EventRounds "7"]
[EventCountry "GER"]
[SourceTitle "EXT 2008"]
[Source "ChessBase"]
[SourceDate "2007.11.25"]
[SourceVersion "1"]
[SourceVersionDate "2007.11.25"]
[SourceQuality "1"]

1. e4 c6 2. d4 d5 3. Nc3 e6 4. exd5 cxd5 5. Nf3 Nf6 6. Bb5+ Bd7 7. Bf4 Bb4 8. Bxd7+ Qxd7 9. Ne5 Bxc3+ 10. bxc3 Qc8 11. Rb1 Qxc3+ 12. Qd2 Qxd2+ 13. Bxd2 b6 14. 0-0 0-0 15. Bb4 Rc8 16. Rfc1 Nc6 17. Nxc6 Rxc6 18. Be7 Ne4 19. Rd1 Nc3 20. Rdc1 Nxb1 21. Rxb1 Rxc2 22. Ra1 Rac8 23. Ba3 Rd2 24. Bb4 Rxd4 25. Ba3 Rcc4 26. Re1 Rd2 27. Ra1 Rc3 28. Bb2 Rxb2 29. g3 g6 30. Rd1 Rxa2 31. Kg2 Rcc2 32. Rf1 a5 33. Kf3 a4 34. Rb1 Rxf2+ 35. Ke3 Rab2 36. Rc1 Rxh2 37. Rc8+ Kg7 38. Kf4 b5 39. Ke5 b4 40. Rb8 b3 41. Kd6 0-1